000 00483nam a2200169Ia 4500
008 230917s9999||||xx |||||||||||||| ||und||
020 _cGBP85
040 _e234905
_aMAIN
041 _aEnglish
082 _a338.4791 F871F
100 _aFrechtling, Douglas C
245 0 _aForecasting tourism demand: Methods and strategies
260 _aOxford
_bButterworth-Heinemann
_c2001
300 _axxi, 279 p.
500 _a2404 07/10/2016 HBD16/6717 23/11/2016 IHTM (SFS)
942 _cBK
999 _c19404
_d19404